| 000 | 00576nam a22001931a 4500 | ||
|---|---|---|---|
| 001 | 7388 | ||
| 003 | OSt | ||
| 005 | 20260204212128.0 | ||
| 008 | 071117s2005||||ag ||||||b||||||||||spa|| | ||
| 020 | _a9875504343 | ||
| 050 | _a370.114 T465v | ||
| 100 | _aTillman, Diane G. | ||
| 245 | _aValores para vivir: Programa educativo, valores para vivir actividades para niños de 3 a 7 años / Diane G. Tillman y Diane Hsu | ||
| 264 | _aArgentina : Longseller | ||
| 300 | _a235 p | ||
| 650 | _aEducación en Valores 2.Valores Educativo | ||
| 700 | _aHsu, DianeÌ | ||
| 942 |
_2ddc _cBK |
||
| 999 |
_c7388 _d7388 |
||